• 首页
  • 本馆介绍
  • 公告通知
  • 最新文献
  • 馆藏检索
  • 电子资源
  • 读者导购
  • 参考咨询
  • 我的图书馆
  • 登录
  • 详细信息显示
  • 放入我的书架
  • 预约/预借图书
  • 作者相关作品
  • 分类相关作品
  • 丛书相关作品
  • 出版社相关作品

书目信息

  • 表格格式
  • 工作单格式
  • 卡片格式
题名:
Windows5.5使用大全
    
 
作者: 林海生 编译
分册:  
出版信息: 北京   中国科学院希望高级电脑技术公司  1990.07
页数: 433页
开本: 26cm
丛书名:
单 册:
中图分类: TP314
科图分类:
主题词: 软件
电子资源:
ISBN:
000 00555nam0 2200181 450
001 0831058609
005 20081118095620.60
010    @dCNY17.30
100    @a20080918d1990 km y0chiy0120 ea
101 0  @achi
200 1  @aWindows5.5使用大全@AWindows5.5 shi yong da quan@f林海生等编译@Flin hai sheng deng bian yi
210    @a北京@c中国科学院希望高级电脑技术公司@d1990.07
215    @a433页@d26cm
606 0  @a软件
690    @aTP314@v4
701  0 @a林海生@Alin hai sheng@4编译
801  0 @aCN@b大连网信软件有限公司图书馆·11@c20081118
905    @aBZT@dTP314@e55
    
    Windows5.5使用大全/林海生等编译.-北京:中国科学院希望高级电脑技术公司,1990.07
    433页;26cm
    
    
    ISBN :CNY17.30
    
●
相关链接 在五车中查询图书 在当当中查询图书 在豆瓣中查询图书


正题名:Windows5.5使用大全     索取号:TP314/55         预约/预借

序号 登录号 条形码 馆藏地/架位号 状态 备注
1 072713   201211624   中心书库中库/ 中库027架B面6列3层31/ [索取号:TP314/55] 在馆    
2 072714   201211651   中心书库中库/ 中库027架B面6列3层30/ [索取号:TP314/55] 在馆    
3 072716   201211642   中心书库中库/ 中库027架B面6列3层32/ [索取号:TP314/55] 在馆    
山东省滨州职业学院图书馆 欢迎您!
大连网信软件有限公司© 版权所有